000 00365pab a2200157 454500
008 180718b2009 xxu||||| |||| 00| 0 eng d
100 _aCollins, Randall
245 _aThe micro-sociology of violence
260 _c2009
300 _ap.566-76.
362 _aSep
650 _aViolence
773 _aBritish Journal of Sociology
908 _aN
909 _a84213
999 _c84213
_d84213